| 000 | 00520nam a22001337a 4500 | ||
|---|---|---|---|
| 040 | _cRUA | ||
| 082 | _aAGR HEA 2002 B061 Or.1 | ||
| 100 | _aHEANG SUO SARAVORN | ||
| 245 | _aEffect de la supplementation en vitamines a, d, e, et c sur la croissance des poulets de chair a la station expe'rimentalede l'universite royale d' agriculture, | ||
| 260 |
_aphnom penh _bRUA _c2002 |
||
| 300 |
_a41p. _bill. _c29cm. |
||
| 856 | _uhttps://drive.google.com/file/d/1fc1XgZedGG5OEZUp89mpMKUNDWkyCr1h/view?usp=sharing | ||
| 942 | _cAGR | ||
| 999 |
_c1483 _d1483 |
||